[Event "Bad Woerishofen op"]
[Site "Bad Woerishofen"]
[Date "2001.??.??"]
[Round "9"]
[White "Polushkina, Svetlana"]
[Black "Schneider, Heiko"]
[Result "0-1"]
[WhiteElo "2160"]
[BlackElo "2275"]
[Annotator "ChessOrg"]
[PlyCount "82"]
[EventDate "1998.03.05"]
[Source "ChessBase"]
[SourceDate "1998.04.29"]

1. d4 {A32: Englische Eroeffnung (Symmetrische Variante)} 1... e6 2. c4 Nf6 3.
g3 c5 4. Nf3 cxd4 5. Nxd4 Nc6 6. Nxc6 {letzter Buchzug} 6... bxc6 7. Bg2 Rb8 8.
O-O Qc7 9. Nc3 Be7 10. e4 d6 11. b3 O-O 12. Bb2 a5 13. Qd2 Nd7 14. Rad1 Rd8 15.
Kh1 Ba6 16. Qd4 Bf8 17. Rfe1 c5 18. Qe3 (18. Qd3 $5 $11) 18... Bxc4 $17 19.
bxc4 Rxb2 20. Nb5 Qb6 21. Kg1 Ne5 (21... Rxa2 22. Qb3 Rxf2 23. Kxf2 $18) 22.
Bf1 Be7 (22... Rxa2 $143 23. Qb3 $16) 23. Qa3 (23. f4 $5 23... Nc6 24. Qc1 $15)
23... Rb4 $19 24. Rc1 Bf6 25. Qe3 a4 26. Kg2 Nc6 27. Red1 Nd4 (27... Rb2 28.
Rd2 $19) 28. Nxd4 (28. Rb1 $5 $17) 28... Bxd4 $19 29. Qd3 Rb8 30. Be2 g6 31.
Rd2 Qa5 32. Bd1 a3 33. Be2 Rb2 34. Rdc2 Rxc2 35. Rxc2 Rb1 (35... Qe1 36. Qxa3
Qxf2+ 37. Kh3 $19) 36. Qd2 Qa6 37. Bd1 (37. Qg5 Rb2 38. Qd2 38... Qc6 $19)
37... Bb2 38. Qd3 Ra1 39. Rd2 Rxa2 40. Qxd6 (40. Qb3 Ra1 41. Qb8+ Kg7 42. Rxd6
Qxc4 43. Rd8 $19) 40... Qxd6 41. Rxd6 Bd4 (41... Bd4 42. Kh3 42... Rxf2 $19)
0-1

[Event "Bad Woerishofen op"]
[Site "?"]
[Date "2001.??.??"]
[Round "1"]
[White "Popitz, Andreas"]
[Black "Fleck, Ronald"]
[Result "1/2-1/2"]
[WhiteElo "2188"]
[BlackElo "1784"]
[Annotator "ChessOrg"]
[PlyCount "64"]
[EventDate "2000.??.??"]

1. d4 {A48: Koenigsindisch (ohne c2-c4)} 1... Nf6 2. Nf3 g6 3. Bf4 Bg7 4. e3 d6
5. h3 O-O 6. Be2 b6 7. Nbd2 Bb7 8. c3 Nbd7 9. O-O c5 10. a4 Qc7 11. Bh2 11...
Rfc8 {letzter Buchzug} 12. a5 Bc6 13. axb6 axb6 (13... Nxb6 $143 14. dxc5 Nbd7
15. cxd6 exd6 16. Nc4 Bxf3 17. gxf3 $18 (17. Bxf3 $6 17... Qxc4 18. Bxa8 18...
Rxa8 $11)) 14. Qb3 Qb7 15. Bc4 d5 16. Be2 c4 17. Qc2 b5 18. b3 Rxa1 19. Rxa1
Ra8 20. Qb2 Rxa1+ 21. Qxa1 Qa8 22. Qxa8+ Bxa8 23. Bc7 b4 24. bxc4 (24. Ba5 $5
$142 24... bxc3 25. Bxc3 cxb3 26. Nxb3 $11) 24... bxc3 $17 25. Nb3 Ne4 (25...
dxc4 $5 $142 26. Bxc4 Bd5 27. Bxd5 27... Nxd5 $15) 26. c5 $11 26... Bc6 27. Bd3
Ba4 28. Nc1 Nd2 29. Ba5 (29. Ne1 e5 30. Ne2 exd4 31. exd4 31... Nb3 $14) 29...
Nxf3+ 30. gxf3 e5 (30... c2 $5 $11) 31. Bxc3 $14 31... exd4 32. Bxd4 (32. exd4
$143 32... Nxc5 33. dxc5 33... Bxc3 $15) 32... Bf8 1/2-1/2

[Event "Bad Woerishofen op"]
[Site "Bad Woerishofen"]
[Date "2001.??.??"]
[Round "3"]
[White "Popitz, Andreas"]
[Black "Mijatovic, Vladimir"]
[Result "1-0"]
[WhiteElo "2188"]
[BlackElo "1734"]
[Annotator "ChessOrg"]
[PlyCount "105"]
[EventDate "1998.03.05"]
[Source "ChessBase"]
[SourceDate "1998.04.29"]

1. c4 {A87: Hollaendische Verteidigung (Leningrader Variante)} 1... f5 2. Nc3
Nf6 3. g3 g6 4. Bg2 Bg7 5. Nf3 O-O 6. O-O d6 7. d4 Qe8 8. d5 Na6 9. Rb1 c5 10.
dxc6 bxc6 11. b4 11... Nc7 {letzter Buchzug} 12. Nd4 Bb7 (12... Bd7 $5 $11) 13.
b5 $16 13... d5 (13... Ne4 $5 14. Nxe4 fxe4 15. Bxe4 Bxd4 16. Qxd4 16... c5 $16
) 14. bxc6 Bxc6 15. Nxc6 Qxc6 16. Nxd5 Ncxd5 17. cxd5 Qd7 18. Qd3 Rad8 19. Rd1
Ng4 20. Bf4 Ne5 21. Qb5 Qd6 22. Qb4 Qf6 23. Be3 Rd7 24. Bd4 Qf7 (24... f4 25.
Qb3 $16) 25. Qc3 Ng4 26. Bxg7 Qxg7 27. Qxg7+ Kxg7 28. Rd3 Ne5 (28... Rc8 29. h3
Nf6 30. Bf3 $14) 29. Rdb3 Rfd8 30. Rb7 Kf6 31. f4 Nc4 32. Kf2 Nb6 33. Rxd7 Rxd7
34. Rb5 h6 35. e3 (35. Rc5 35... e6 $16) 35... g5 (35... e6 $5 $14) 36. Ke2 $16
36... Rc7 37. Kd3 Rd7 38. Rc5 Kg7 39. Kd4 Kf6 40. Rc6+ Rd6 41. Kc5 Nd7+ 42. Kb5
Nb8 43. Rxd6+ exd6 44. Bf1 g4 45. h3 h5 (45... Nd7 46. hxg4 fxg4 47. Bd3 $18)
46. hxg4 hxg4 47. Ka5 (47. Bd3 47... Kg6 $18) 47... Ke7 (47... Nd7 48. Bd3 $16)
48. Bb5 Kf7 49. Kb4 Kf6 50. Kc4 Ke7 51. Kd4 Kf7 52. e4 52... Kf6 $2 (52... fxe4
53. Kxe4 53... Kf6 $18) 53. e5+ (53. e5+ Ke7 54. Bd3 $18) 1-0

[Event "Bad Woerishofen op"]
[Site "Bad Woerishofen"]
[Date "2001.??.??"]
[Round "5"]
[White "Popitz, Andreas"]
[Black "Heinig, Wolfram"]
[Result "1/2-1/2"]
[WhiteElo "2188"]
[BlackElo "2302"]
[Annotator "ChessOrg"]
[PlyCount "135"]
[EventDate "1998.03.05"]
[Source "ChessBase"]
[SourceDate "1998.04.29"]

1. c4 {A23: Englische Eroeffnung} 1... Nf6 2. Nc3 e5 3. g3 c6 4. Bg2 Be7 5. d4
d6 6. dxe5 {letzter Buchzug} 6... dxe5 7. Qxd8+ Bxd8 8. Nf3 Nbd7 9. O-O O-O 10.
b4 Re8 11. Rd1 h6 12. b5 Ba5 13. Na4 cxb5 14. cxb5 e4 15. Nd4 Nb6 16. Nxb6 Bxb6
17. Bb2 (17. a4 17... Bg4 $11) 17... Bd7 18. a4 a6 (18... Rac8 19. Ra2 $11) 19.
bxa6 Rxa6 20. a5 (20. Nb5 $5 20... Bxb5 21. axb5 Rxa1 22. Bxa1 $14) 20... Rxa5
$15 21. Rxa5 Bxa5 22. Nb3 Ba4 23. Ra1 Bxb3 24. Rxa5 Bc4 25. e3 (25. Bxf6 $5
25... gxf6 26. Kf1 $15) 25... b5 26. h4 Nd5 27. Ra7 Nb4 28. Rb7 Nd3 29. Bc3 Nc5
30. Rc7 Ne6 31. Ra7 Bd3 32. Bh3 Nf8 33. Bb4 Bc4 34. Rb7 Ra8 35. Bf5 Re8 (35...
Bd3 36. h5 $17) 36. Bxe4 Rxe4 37. Rb8 Be2 38. Bxf8 Kh7 39. Kg2 Re6 40. Bc5 Rf6
41. f4 Rc6 42. Kf2 Bd3 43. Rd8 Be4 44. Bb4 Rc2+ 45. Rd2 Rxd2+ 46. Bxd2 h5 47.
f5 f6 48. Bb4 Kg8 49. Ba3 Kf7 50. Bb4 Ke8 51. Ba3 Kd7 52. Ke2 Bxf5 53. Kf3 Bc2
54. Kf4 Ke6 55. e4 f5 56. exf5+ (56. e5 56... Kd5 $15) 56... Bxf5 $17 57. Ke3
Kd5 58. Kd2 Kc4 59. Bb2 g6 60. Kc1 Kd3 61. Be5 b4 62. Kb2 Be6 63. Bb8 Ke4 64.
Bc7 Kf3 65. Bd6 b3 66. Bc7 Kg4 67. Bd6 Bd5 68. Bc7 1/2-1/2

[Event "Bad Woerishofen op"]
[Site "Bad Woerishofen"]
[Date "2001.??.??"]
[Round "7"]
[White "Popitz, Andreas"]
[Black "Semmler, Guenter"]
[Result "1/2-1/2"]
[WhiteElo "2188"]
[BlackElo "2111"]
[Annotator "ChessOrg"]
[PlyCount "21"]
[EventDate "1998.03.05"]
[Source "ChessBase"]
[SourceDate "1998.04.29"]

1. c4 {A34: Englische Eroeffnung (Symmetrische Variante)} 1... c5 2. Nc3 Nf6 3.
Nf3 d5 4. cxd5 Nxd5 5. Nxd5 Qxd5 6. g3 Nc6 7. Bg2 e5 8. d3 Be7 9. O-O O-O 10.
Bg5 {letzter Buchzug} 10... Qd8 11. Bxe7 1/2-1/2

[Event "Bad Woerishofen op"]
[Site "Bad Woerishofen"]
[Date "2001.??.??"]
[Round "9"]
[White "Popitz, Andreas"]
[Black "Behlert, Stefan"]
[Result "1/2-1/2"]
[WhiteElo "2188"]
[BlackElo "1790"]
[Annotator "ChessOrg"]
[PlyCount "30"]
[EventDate "1998.03.05"]
[Source "ChessBase"]
[SourceDate "1998.04.29"]

1. c4 {A10: Abarten von Hollaendisch, Damenindisch, Koenigsindisch (ohne d2-d4)
} 1... e6 2. Nc3 f5 3. g4 {letzter Buchzug} 3... c6 (3... fxg4 $5 4. d4 4...
Bb4 $15) 4. gxf5 $14 4... exf5 5. Bg2 Nf6 6. Qb3 Be7 7. d4 Qb6 8. Qxb6 axb6 9.
Nf3 Bb4 10. Bd2 Bxc3 11. Bxc3 d5 12. cxd5 Nxd5 13. Bd2 Nd7 14. O-O (14. Rg1
14... Rg8 $14) 14... N7f6 $11 15. Rfc1 O-O 1/2-1/2

[Event "Bad Woerishofen op"]
[Site "?"]
[Date "2001.??.??"]
[Round "1"]
[White "Porubszki, Georg"]
[Black "Deglmann, Ludwig"]
[Result "0-1"]
[WhiteElo "1908"]
[BlackElo "2306"]
[Annotator "ChessOrg"]
[PlyCount "102"]
[EventDate "2000.??.??"]

1. d4 {A80: Hollaendische Verteidigung} 1... f5 2. Nf3 g6 3. e4 {
letzter Buchzug} 3... fxe4 4. Ng5 (4. Nfd2 4... d5 $17) 4... Nf6 (4... d5 $5
$17) 5. d5 c6 6. c4 Bg7 (6... h6 7. Nh3 $17) 7. Nc3 $15 7... O-O 8. Ngxe4 d6 9.
Nxf6+ exf6 (9... Bxf6 10. Qb3 $11) 10. Be3 c5 11. Bd3 f5 12. Qd2 Nd7 13. O-O
Ne5 14. Bg5 Qb6 15. Be2 Bd7 16. h3 Nf7 17. Be3 Rae8 18. Rab1 Qd8 19. Kh1 g5 20.
f3 $2 (20. f4 $15 $142) 20... Bxc3 $19 21. Qxc3 (21. bxc3 $142 21... Qe7 22.
Rxb7 Qxe3 23. Qxe3 Rxe3 24. Rxd7 Rxe2 25. Rxa7 $19) 21... Qe7 $4 (21... f4 $142
22. Bxc5 22... dxc5 $19) 22. Bf2 $11 22... b5 (22... Qxe2 $143 23. Rbe1 $16)
23. Bd3 b4 24. Qc2 Ne5 25. a3 a5 26. axb4 axb4 27. Ra1 Ra8 28. Rxa8 Rxa8 29.
Bxf5 b3 30. Qe4 Bxf5 31. Qxf5 Rf8 (31... Nxc4 32. Re1 Qg7 33. Bg3 $14) 32. Qb1
Nxc4 33. Re1 Qf6 34. Re2 Qf5 35. Qd1 Rb8 36. Be1 Nb6 37. Qxb3 Qxd5 38. Qb5 Qf7
(38... Kf8 39. Bg3 h5 40. Re3 $16) 39. Bc3 (39. Bg3 $5 39... Nd7 40. Qa6 $18)
39... Nd7 $16 40. Qc6 d5 41. Be5 $4 (41. Qh6 $142 41... d4 42. Qxg5+ Qg6 43.
Qxg6+ hxg6 44. Ba5 $14) 41... Re8 $19 (41... Nxe5 $2 42. Rxe5 Kh8 43. Qxc5 $18
(43. Qxd5 Qxd5 44. Rxd5 44... c4 $16)) 42. Qd6 Qe6 (42... Nxe5 43. Rxe5 Rxe5
44. Qxe5 $11) 43. Bg3 Qxe2 44. Qxd7 Qe6 45. Qa7 Rc8 (45... c4 46. Qc7 $19) 46.
Bf2 d4 47. b4 (47. Qa5 47... Qd5 $19) 47... d3 48. bxc5 $4 (48. Qa1 c4 49. Qc3
$19) 48... d2 49. Qa1 Qb3 50. Qf6 d1=Q+ 51. Kh2 Qbd5 (51... Qbd5 52. Qe7 52...
h6 $19) 0-1

[Event "Bad Woerishofen op"]
[Site "Bad Woerishofen"]
[Date "2001.??.??"]
[Round "3"]
[White "Porubszki, Georg"]
[Black "Bretscher, Robert"]
[Result "1/2-1/2"]
[WhiteElo "1908"]
[BlackElo "1694"]
[Annotator "ChessOrg"]
[PlyCount "131"]
[EventDate "1998.03.05"]
[Source "ChessBase"]
[SourceDate "1998.04.29"]

1. d4 {A48: Koenigsindisch (ohne c2-c4)} 1... Nf6 2. Nf3 g6 3. e3 Bg7 4. Nbd2
d6 5. b4 O-O 6. Bb2 6... Bg4 {letzter Buchzug} 7. Be2 Nbd7 8. h3 Bf5 9. c4 c6
10. Nh4 e5 (10... Be6 11. e4 d5 12. cxd5 cxd5 13. e5 $11) 11. Nxf5 gxf5 12. Qc2
e4 13. g4 fxg4 (13... a5 14. gxf5 axb4 15. Nxe4 Nxe4 16. Qxe4 $16) 14. hxg4 d5
15. g5 Ne8 16. f4 (16. Nxe4 $5 $142 16... dxe4 17. Qxe4 $18) 16... Nd6 $16 17.
Bg4 f5 18. Be2 a5 19. Qb3 a4 20. Qc2 b5 21. cxd5 (21. c5 Nc4 22. Nxc4 22...
bxc4 $16) 21... cxd5 $14 22. Qc6 Nb6 23. Qc2 (23. Bxb5 Rc8 24. Bxa4 Rxc6 25.
Bxc6 Ndc4 26. Nxc4 26... Nxc4 $19 (26... dxc4 $6 27. Bb5 $19)) 23... Rc8 24.
Qd1 Nbc4 (24... Qe7 25. Rh3 $11) 25. Bxc4 (25. Nxc4 $142 25... dxc4 26. Qd2 $14
) 25... Nxc4 $2 (25... dxc4 $5 $142 26. Rc1 26... Qe8 $14) 26. Nxc4 $16 26...
Rxc4 27. Qh5 27... Qe7 $2 (27... Qd6 28. Qxh7+ 28... Kf7 $14) 28. Qxh7+ $18
28... Kf7 29. Qh5+ (29. Qxf5+ $5 $142 29... Ke8 30. Qg6+ Rf7 31. a3 $18) 29...
Ke6 30. Qg6+ Kd7 31. a3 (31. Rc1 $5 31... Rxc1+ 32. Bxc1 $16) 31... Rc6 $14 32.
Qh7 32... Rh8 $2 (32... Qf7 $14 $142) 33. Qxf5+ $18 33... Qe6 34. Qxe6+ Kxe6
35. Rxh8 Bxh8 36. Rc1 Rxc1+ 37. Bxc1 Kf5 38. Kf2 Kg4 39. Kg2 Bg7 40. Bd2 Bh8
41. Be1 Bg7 42. g6 (42. Bc3 $5 $142 42... Bf8 $18) 42... Kf5 43. Kh3 Kxg6 44.
Kg4 Kf6 45. Bh4+ Ke6 46. f5+ Kf7 47. f6 (47. Kh5 47... Bf8 $16) 47... Bf8 (
47... Bh6 48. Bg5 Bf8 49. Bh4 $11) 48. Kf5 Bd6 49. Kg4 Bc7 (49... Bf8 50. Kf4
Bh6+ 51. Ke5 Bxe3 52. Kxd5 $16) 50. Bg3 (50. Kg5 $5 $16) 50... Bd8 $11 51. Kf5
Bxf6 52. Bf4 Bg7 53. Bg5 Bh8 54. Bf4 Bg7 55. Bg3 Bf6 56. Be5 Bh4 57. Bh8 (57.
Bd6 Bf2 58. Ke5 Bxe3 59. Kxd5 59... Bc1 $15) 57... Bg3 (57... Be1 $5 58. Ke5
Bxb4 59. Kxd5 Bxa3 60. Kxe4 60... Be7 $19) 58. Be5 $15 58... Bh4 (58... Be1 59.
Bd6 Bd2 60. Ke5 Bxe3 61. Kxd5 $15) 59. Bf4 Bf6 60. Bc7 Bg7 61. Bd8 Bh8 62. Bg5
Bg7 63. Bf4 Bf6 64. Bd6 Bg7 65. Be5 Bf8 66. Bg3 1/2-1/2

[Event "Bad Woerishofen op"]
[Site "Bad Woerishofen"]
[Date "2001.??.??"]
[Round "5"]
[White "Porubszki, Georg"]
[Black "Theuermeister, Peter"]
[Result "1-0"]
[WhiteElo "1908"]
[BlackElo "1587"]
[Annotator "ChessOrg"]
[PlyCount "91"]
[EventDate "1998.03.05"]
[Source "ChessBase"]
[SourceDate "1998.04.29"]

1. d4 {D05: Damenbauernspiele (Colle-Aufbau)} 1... Nf6 2. Nf3 e6 3. e3 d5 4.
Nbd2 c5 5. c3 5... cxd4 {letzter Buchzug} 6. exd4 Nc6 7. Bd3 Bd6 8. O-O O-O 9.
Re1 Re8 10. Ne5 g6 11. Ndf3 Bf8 12. Bg5 Bg7 (12... h6 13. Bf4 $14) 13. Qd2 a6
14. Qf4 Rf8 (14... Nxe5 $5 15. dxe5 15... Nh5 $16) 15. Qh4 $18 15... Nb8 (15...
h5 $18 $142) 16. Ng4 Nbd7 17. Nfe5 h5 (17... h6 18. Nxh6+ Bxh6 19. Qxh6 Nxe5
20. dxe5 20... Ng4 $18) 18. Nxd7 hxg4 (18... Nxg4 19. Bxd8 19... Bxd7 $18) 19.
Nxf8 (19. Nxf6+ $142 19... Qxf6 20. Bxf6 $18) 19... Kxf8 20. Re3 Ke8 21. f3 Kd7
(21... g3 22. Qxg3 22... Qb6 $18) 22. fxg4 Qh8 23. Bxf6 (23. Qxh8 $5 23... Bxh8
24. Rh3 24... Bg7 $18) 23... Bxf6 24. Qxh8 Bxh8 25. g5 (25. Rh3 $142 25... Bf6
26. Rf3 Be7 27. Rxf7 27... g5 $18) 25... Ke7 26. Rh3 Bg7 27. Rf1 Bd7 28. Rh7
Rg8 29. h4 Be8 30. Re1 Kf8 31. g4 Rh8 32. Rxh8+ Bxh8 33. Kg2 Ke7 34. Kf3 (34.
h5 gxh5 35. gxh5 35... a5 $18) 34... f6 35. gxf6+ Bxf6 36. Rh1 Kf7 (36... e5
37. dxe5 Bxe5 38. Ke3 $18) 37. h5 Kg7 38. Bxg6 (38. h6+ Kh7 39. Kf4 39... a5
$18) 38... Bxg6 39. hxg6 Kxg6 40. Kf4 a5 41. Re1 Kf7 42. g5 Bg7 43. Rh1 (43.
g6+ 43... Kf6 $18) 43... b5 44. Rh7 Kg6 45. Rxg7+ Kxg7 46. Ke5 (46. Ke5 Kf7 47.
g6+ Kxg6 48. Kxe6 $18) 1-0

[Event "Bad Woerishofen op"]
[Site "Bad Woerishofen"]
[Date "2001.??.??"]
[Round "7"]
[White "Porubszki, Georg"]
[Black "Hornung, Hans"]
[Result "1/2-1/2"]
[WhiteElo "1908"]
[BlackElo "2213"]
[Annotator "ChessOrg"]
[PlyCount "122"]
[EventDate "1998.03.05"]
[Source "ChessBase"]
[SourceDate "1998.04.29"]

1. d4 {D04: Damenbauernspiele} 1... d5 2. Nf3 Nf6 3. e3 c5 4. c3 4... Qc7 {
letzter Buchzug} 5. Nbd2 g6 6. Be2 Bg7 7. O-O O-O 8. Ne5 Nbd7 9. f4 b6 10. Qe1
Ne4 (10... a5 11. c4 $11) 11. Qh4 (11. Nxe4 $5 11... dxe4 12. Qh4 $11) 11...
Ndf6 $15 (11... Bxe5 $143 12. fxe5 Nxd2 13. Bxd2 $14) 12. g4 (12. Bf3 12... Bf5
$15) 12... Nd6 (12... Nxd2 13. Bxd2 Ne4 14. Rad1 $17) 13. Rf3 Nfe4 14. Rh3 (14.
Bd3 14... Rd8 $15) 14... h6 (14... h5 15. Bf3 $17) 15. Bf3 Kh7 (15... h5 16.
Nxe4 Nxe4 17. Bxe4 dxe4 18. gxh5 $15) 16. Bxe4 (16. Nxe4 dxe4 17. Bg2 17... f6
$15) 16... dxe4 (16... Nxe4 $142 17. Nxe4 17... dxe4 $15) 17. Rg3 $2 (17. dxc5
$142 17... bxc5 18. b3 $15) 17... f6 $19 18. Nec4 Nxc4 19. Nxc4 cxd4 20. Nd2 g5
(20... dxc3 21. Nb3 $19) 21. fxg5 $2 (21. Qh3 $142 21... dxc3 22. Nxe4 cxb2 23.
Bxb2 $19) 21... fxg5 22. Qh3 dxe3 (22... dxc3 $142 23. Nxe4 Qd7 (23... cxb2 $6
24. Nxg5+ Kg8 25. Bxb2 hxg5 26. Rc1 $19) 24. Nxg5+ 24... Kg8 $19) 23. Rxe3 (23.
Nxe4 $5 23... e2 24. Bxg5 $17) 23... Qf4 24. Qg3 Bb7 25. Qxf4 Rxf4 26. h3 Raf8
27. b3 $2 (27. a4 Rf2 28. a5 Be5 29. axb6 Bh2+ 30. Kh1 Bf4 (30... axb6 $6 31.
Ra7 Bc6 32. Rxe7+ Kg8 33. Re6 $19) 31. Rxa7 Bxe3 32. Rxb7 Re2 (32... Rxd2 $6
33. Rxe7+ Kg6 34. Bxd2 Rf1+ 35. Kg2 Rf2+ 36. Kh1 Rxd2 37. Rxe4 $11) 33. Rxe7+
33... Kg8 $19) 27... Be5 (27... Rf2 $19 $142) 28. Ba3 Rf2 29. Nxe4 Bh2+ 30. Kh1
Bf4 31. Ree1 Bd2 32. Kg1 Bxe1 33. Rxe1 Bxe4 (33... Rxa2 $5 $142 34. Nd2 Rf7 35.
Bc1 $19) 34. Rxe4 Rf1+ 35. Kg2 R8f2+ 36. Kg3 Rf3+ 37. Kg2 R1f2+ 38. Kg1 Rxa2
39. Rxe7+ Kg6 40. Re6+ Rf6 41. Rxf6+ Kxf6 42. Bf8 Rb2 43. b4 b5 (43... Rc2 $5
44. Bxh6 Rxc3 45. Kg2 $19) 44. Bxh6 Rc2 45. Bf8 Rxc3 46. Kg2 Rc4 47. Kg3 Kg6 (
47... a6 48. Bd6 $19) 48. Bd6 Rc3+ 49. Kg2 a6 50. Be7 Ra3 51. h4 (51. Bc5 $19)
51... gxh4 52. Bxh4 Ra4 (52... a5 $5 $142 53. bxa5 b4 54. Be1 $19) 53. Be1 Kg5
54. Kf3 Ra3+ 55. Ke4 Kxg4 56. Kd4 Kf3 57. Bh4 Ra4 (57... Ke2 $5 58. Be7 $19)
58. Kc5 a5 (58... Ke4 59. Bd8 $19) 59. Be1 $4 (59. Bf6 $17 $142) 59... Ra1 $19
60. bxa5 Rxe1 61. Kxb5 61... Ke4 $4 (61... Rb1+ 62. Kc5 62... Ke4 $11) 1/2-1/2

[Event "Bad Woerishofen op"]
[Site "Bad Woerishofen"]
[Date "2001.??.??"]
[Round "8"]
[White "Porubszki, Georg"]
[Black "Popitz, Andreas"]
[Result "1/2-1/2"]
[WhiteElo "1908"]
[BlackElo "2188"]
[Annotator "ChessOrg"]
[PlyCount "83"]
[EventDate "1998.03.05"]
[Source "ChessBase"]
[SourceDate "1998.04.29"]

1. e4 {B02: Aljechin-Verteidigung (Jagdvariante)} 1... Nf6 2. Bc4 2... e6 {
letzter Buchzug} 3. Qe2 Nxe4 4. Bxe6 dxe6 (4... fxe6 5. Qxe4) 5. Qxe4 Qd5 6.
Qxd5 exd5 7. Nc3 c6 8. Nf3 Bd6 9. O-O O-O 10. Re1 Bg4 11. Nd4 Na6 12. h3 (12.
d3 $5 $11 $142) 12... Rfe8 $17 13. Rxe8+ Rxe8 14. Kf1 Bd7 15. a3 c5 16. Nf3 d4
17. Ne2 Bc6 18. d3 f6 19. Neg1 g5 20. Bd2 Nc7 21. b4 b6 22. c4 Ne6 23. b5 Bb7
24. a4 a5 25. bxa6 Bxa6 26. Ne2 Ra8 27. Ng3 Bc7 28. Nf5 Kf7 29. Nh2 (29. h4
29... Bc8 $15) 29... h5 (29... Bxh2 $5 30. g3 $19) 30. Nf3 $17 30... Bc8 31.
Ng3 h4 32. Ne4 Bd7 33. g3 hxg3 34. fxg3 Rxa4 35. Rxa4 Bxa4 36. Ke2 Bc6 37. Kf2
Nd8 38. g4 Nb7 39. Ke2 Nd6 (39... Ke6 $5 $17 $142) 40. Nexg5+ $11 40... Ke7 41.
Nh7 Nf7 42. Nh4 1/2-1/2

[Event "Bad Woerishofen op"]
[Site "?"]
[Date "2001.??.??"]
[Round "1"]
[White "Probst, Joachim"]
[Black "Heika, Martin"]
[Result "0-1"]
[WhiteElo "1925"]
[BlackElo "2325"]
[Annotator "ChessOrg"]
[PlyCount "50"]
[EventDate "2000.??.??"]

1. e4 {C09: Franzoesische Verteidigung (Tarrasch-Variante)} 1... e6 2. d4 d5 3.
Nd2 c5 4. exd5 exd5 5. Bb5+ Nc6 6. Ngf3 Bd6 7. O-O Nge7 8. dxc5 Bxc5 9. Nb3 Bd6
10. Bg5 O-O 11. Re1 Bg4 12. Be2 Qb6 13. Be3 Qc7 14. h3 Bd7 15. Nbd4 a6 16. c3
Rfe8 17. Bd3 Ng6 18. Ng5 {letzter Buchzug} 18... Nce5 19. Bc2 Nf8 20. Nf5 (20.
Ndf3 Bc6 21. Nxe5 21... Rxe5 $14) 20... Bxf5 21. Bxf5 Nc4 22. Qc2 (22. Bc1 $11
$142) 22... g6 $17 23. Bd3 Nxe3 24. fxe3 Bc5 25. Qf2 (25. Nf3 $5 $142 25...
Rxe3 26. Rxe3 $17) 25... Qe7 $19 (25... Qe7 26. Nf3 Bxe3 27. Rxe3 Qxe3 28. Qxe3
28... Rxe3 $19) 0-1

[Event "Bad Woerishofen op"]
[Site "Bad Woerishofen"]
[Date "2001.??.??"]
[Round "3"]
[White "Probst, Joachim"]
[Black "Naegele, Thomas"]
[Result "0-1"]
[WhiteElo "1925"]
[BlackElo "2189"]
[Annotator "ChessOrg"]
[PlyCount "144"]
[EventDate "1998.03.05"]
[Source "ChessBase"]
[SourceDate "1998.04.29"]

1. e4 {B79: Sizilianisch (Moderne Drachen-Variante)} 1... c5 2. Nf3 d6 3. d4
cxd4 4. Nxd4 Nf6 5. Nc3 g6 6. Be3 Bg7 7. f3 Nc6 8. Qd2 O-O 9. Bc4 Bd7 10. O-O-O
Qa5 11. Kb1 Rfc8 12. Bb3 Ne5 13. g4 Nc4 14. Bxc4 Rxc4 15. h4 Rac8 16. h5 Rxc3
17. bxc3 17... Qxc3 {letzter Buchzug} 18. Qxc3 Rxc3 19. Rd3 Rc7 20. hxg6 fxg6
21. Bc1 (21. g5 $5 21... Nh5 22. Kc1 $14) 21... Rc4 22. Bb2 Ba4 23. Nb3 Nd7 24.
Bxg7 Kxg7 25. Rh2 (25. Rd2 25... h6 $14) 25... Ne5 $11 26. Re3 g5 27. Kc1 b6
28. Kd1 Bd7 29. Rg2 Be6 30. Kc1 Kg6 31. Kb1 a5 32. a3 a4 33. Nd2 Rc8 34. Kb2 h5
(34... Rb8 $5 $11) 35. gxh5+ $14 35... Kxh5 36. Rh2+ Kg6 37. Rc3 (37. Re1 Bb3
38. Rc1 38... b5 $16) 37... Nc4+ (37... Rf8 38. Rc7 Bd7 39. Rg2 $11) 38. Nxc4
Bxc4 39. Rd2 b5 40. Re3 Rf8 41. Kc3 Rf4 42. Rd4 (42. Rg2 42... Kf6 $14) 42...
Kf6 43. Rxc4 bxc4 44. Kb4 (44. Kxc4 $5 44... Ke5 45. Rd3 $15) 44... Ke5 $17 45.
c3 Rf8 46. Kxc4 Rb8 47. Re1 (47. Rd3 47... Rb3 $15) 47... Rb3 $17 48. Ra1 (48.
Rg1 $5 48... Kf4 49. Kd3 $17) 48... Kf4 $19 49. Rf1 Rxa3 50. Kd4 Ra2 51. Kd5 (
51. Kd3 Rh2 52. Ra1 Kxf3 53. Rxa4 53... Re2 $19) 51... Rh2 (51... a3 $5 $142
52. Ke6 Rc2 53. Kxe7 Rxc3 54. Kxd6 Rxf3 55. Rg1 $19) 52. Ke6 Rh7 53. Rg1 Rg7
54. Rf1 Ke3 55. e5 dxe5 56. Kxe5 Rg6 57. c4 (57. f4 gxf4 58. Re1+ 58... Kd2 $19
) 57... Ra6 58. c5 a3 59. Kd5 e6+ 60. Kc4 a2 61. Ra1 Kxf3 (61... e5 62. Kb5 Ra3
63. c6 $19) 62. Kb5 Ra8 (62... Ra3 63. c6 g4 64. c7 $19) 63. c6 e5 (63... g4
64. c7 g3 65. Rxa2 $17) 64. Kb6 (64. c7 g4 65. Kb6 Rg8 66. Rxa2 g3 67. Ra3+
67... Kg4 $11) 64... e4 65. Kb7 Ra3 66. c7 Rb3+ 67. Ka6 Rc3 68. Kb7 e3 69. Rxa2
e2 70. Ra1 Kf2 71. Ra2 Kf1 72. Ra3 e1=Q (72... e1=Q 73. Rxc3 73... Qxc3 $19)
0-1

[Event "Bad Woerishofen op"]
[Site "Bad Woerishofen"]
[Date "2001.??.??"]
[Round "5"]
[White "Probst, Joachim"]
[Black "Campe, Herbert"]
[Result "1-0"]
[WhiteElo "1925"]
[BlackElo "1716"]
[Annotator "ChessOrg"]
[PlyCount "53"]
[EventDate "1998.03.05"]
[Source "ChessBase"]
[SourceDate "1998.04.29"]

1. e4 {B78: Sizilianisch (Moderne Drachen-Variante)} 1... c5 2. Nf3 d6 3. d4
cxd4 4. Nxd4 Nf6 5. Nc3 g6 6. Be3 Bg7 7. f3 O-O 8. Qd2 Nc6 9. Bc4 Bd7 10. O-O-O
Rc8 11. Bb3 Ne5 12. Kb1 Nc4 13. Bxc4 Rxc4 14. g4 14... a6 {letzter Buchzug} 15.
h4 b5 16. h5 b4 17. Nd5 Nxd5 18. exd5 Qc8 (18... g5 19. b3 Rc3 20. Ne2 $16) 19.
hxg6 $16 19... fxg6 20. Qh2 Kf7 21. Qe2 (21. Qxh7 $2 21... Rh8 $19) 21... h6 (
21... Kg8 $5 $11 $142) 22. Nc6 $1 $16 (22. Rxh6 $6 22... Bxh6 23. Bxh6 23...
Rh8 $11) 22... Rxc6 (22... Qxc6 23. dxc6) 23. dxc6 Qxc6 (23... Bxc6 24. Bxh6
Qb7 25. Qc4+ d5 26. Qe2 $18) 24. Bxh6 Bxh6 25. Rxh6 25... Kg7 $4 (25... Ke8 26.
Rh7 26... e5 $18) 26. Qxe7+ Rf7 27. Rh7+ $1 (27. Rh7+ Kxh7 28. Qxf7+ Kh6 29.
g5+ Kh5 30. Rh1+ Bh3 31. Rxh3+ Kxg5 32. Rg3+ Kh4 33. Rg4+ Kh3 34. Qh7#) 1-0